000 00755nam a2200289Ia 4500
005 20260324112506.0
008 008 260324s9999 xx 000 0 eng d
020 _a9781003501718
037 _aEBOOK
040 _aCRL
040 _beng
040 _cCRL
041 _2eng
041 _aeng
084 _qCRL
100 _aRishabha Malviya; Bhupendra Prajapati; Sonali Sundram
_91142916
245 0 _aCancer Vaccination and Challenges
245 0 _bVolume 1: Strategies for Therapeutic Cancer Vaccine Development
260 _bTaylor and Francis
260 _c2024
365 _a
365 _b385
856 _uhttp://www.taylorfrancis.com/books/9781003501718
942 _cEBOOK
999 _c1732150
_d1732150